| Поле | Название | Значение |
| |
Тип записи |
a |
| |
Библиографический уровень |
m |
| 001 |
Контрольный номер |
RSL-KNO-004153440 |
| 005 |
Дата корректировки |
20201206204710.6 |
| 010 |
Индекс ISBN |
__ |
| a |
ISBN |
978-5-93763-008-7 (Рыбари). - 978-966-346-518-0 (Знания) |
| d |
Цена |
511-50 |
| 021 |
№ государственной регистрации |
__ |
| b |
№ документа |
08-95506 |
| 100 |
Данные общей обработки |
__ |
| a |
Данные общей обработки |
19081208d2009 |||y0rusy0189 ca |
| 101 |
Язык документа |
__ |
| a |
Язык текста |
rus |
| c |
Язык оригинала |
rus |
| 102 |
Страна публикации |
__ |
| a |
Страна публикации |
RU |
| 105 |
Кодированные данные (монография) |
__ |
| a |
Кодированные данные (монография) |
y zzzz000zy |
| 200 |
Заглавие и сведения об ответственности |
1_ |
| a |
Заглавие |
Общая теория документа и книги |
| e |
Сведения, относящиеся к заглавию |
учеб. пособие |
| f |
Первые сведения об ответственности |
Г. Н. Швецова-Водка |
| b |
Общее обозначение материала |
Текст |
| 210 |
Выходные данные |
__ |
| a |
Место издания |
М. |
| c |
Издательство |
Рыбари |
| 210 |
Выходные данные |
__ |
| a |
Место издания |
Киев |
| c |
Издательство |
Знання |
| d |
Дата издания |
2009 |
| 215 |
Физическое описание |
__ |
| a |
Объем |
487 с. |
| c |
Иллюстрации/тип воспроизводства |
ил., табл. |
| 300 |
Общие примечания |
__ |
| a |
Общие примечания |
На 4-й с. обл. авт.: Швецова-Водка Г.Н., д.ист.н., проф. |
| 320 |
Библиография |
__ |
| a |
Библиография |
Библиогр.: с. 447-456 и в подстроч. примеч. - Имен. указ.: с. 472-474. - Предм. указ.: с. 475-487 |
| 330 |
Аннотация |
__ |
| a |
Аннотация |
Раскрыты основные теоретические вопросы общего документоведения. |
| 606 |
Тематические рубрики |
__ |
| a |
Основная рубрика |
Социальное управление |
| 606 |
Тематические рубрики |
__ |
| a |
Основная рубрика |
Делопроизводство |
| 610 |
Ключевые слова |
__ |
| a |
Ключевые слова |
документоведение; книговедение; теория документа; типы литературы; жанры литературы; печатные издания |
| 686 |
Индексы других классификаций |
__ |
| a |
Классификационный индекс |
60.844я73 |
| 700 |
Автор |
_1 |
| a |
Фамилия |
Швецова-Водка |
| b |
Имя |
Г. Н. |
| f |
Даты |
1943- |
| g |
Полное личное имя |
Галина Николаевна |
| 4 |
Код отношения |
070 |
| 801 |
Источник записи |
_0 |
| a |
Страна |
RU |
| b |
Организация |
Муниципальное бюджетное учреждение культуры "Централизованная библиотечная система" г. Сургут (Центральная городская библиотека им. А. С. Пушкина) |
| c |
Дата составления |
20081208 |
| g |
Правила каталогизации |
КиК/Елгина |
| 801 |
Источник записи |
_1 |
| a |
Страна |
RU |
| b |
Организация |
Муниципальное бюджетное учреждение культуры "Централизованная библиотечная система" г. Сургут (Центральная городская библиотека им. А. С. Пушкина) |
| c |
Дата составления |
20081208 |
| g |
Правила каталогизации |
КиК/Елгина |
| 852 |
Данные о местонахождении |
__ |
| j |
Шифр хранения |
60.844я73 |
| c |
Каталожный индекс |
60.844я73 |
| i |
Авторский знак |
Ш 35 |
| 901 |
Тип документа |
__ |
| t |
Тип документа |
m |
| 903 |
Характеристики (МАРС) |
__ |
| a |
Дата передачи |
20100113 |
| 969 |
Тип издания |
__ |
| a |
Тип издания |
учебное пособие |
| 990 |
Данные о заказе (DOS) |
__ |
| j |
Количество экземпляров (DOS) |
2 |
| t |
N записи в КСУ для И/У (DOS) |
201001 |